Welcome to the Holygrace Academy Library

Please use search bar below to get started

SCIENCE EDUACTION (Record no. 1453)

MARC details
000 -LEADER
fixed length control field 00444nam a22001577a 4500
082 ## - DEWEY DECIMAL CLASSIFICATION NUMBER
Classification number 363.7
Item number SIV/E
100 ## - MAIN ENTRY--AUTHOR NAME
Personal name SIVARAJAN, K
100 ## - MAIN ENTRY--AUTHOR NAME
Personal name FAZILUDDIN. A
245 ## - TITLE STATEMENT
Title SCIENCE EDUACTION
250 ## - EDITION STATEMENT
Edition statement REVISED FOURTH EDITION
260 ## - PUBLICATION, DISTRIBUTION, ETC. (IMPRINT)
Place of publication CALICUT
Name of publisher CALICUT UNIVERSITY
Year of publication 2006
300 ## - PHYSICAL DESCRIPTION
Number of Pages 437
520 ## - SUMMARY, ETC.
Summary, etc METHODOLOGY OF TEACHING AND PEDAGOGIC ANALYSIS - PHYSICAL SCIENCE & NATURAL SCIENCE
650 ## - SUBJECT ADDED ENTRY--TOPICAL TERM
Topical Term SCIENCE REFERENCE
Geographic subdivision INDIA
942 ## - ADDED ENTRY ELEMENTS (KOHA)
Koha item type Books
Holdings
Withdrawn status Lost status Collection code Home library Current library Shelving location Date acquired Source of acquisition Cost, normal purchase price Full call number Accession Number Koha item type
    Reference Main Library Main Library SHELF-5 E REFERENCE BIOLOGY 24/10/2006 purchase 160.00 363.7 SIV/E 03393 Books